| 000 | 02404nam0a2200421 4500 | ||
|---|---|---|---|
| 001 | RU\NLR\BIBL_A\011147592 | ||
| 005 | 20260408164406.0 | ||
| 010 |
_a978-5-91774-058-4 _9500 |
||
| 021 |
_aRU _b2016-42268 _92708 |
||
| 035 | _a(NLR Aleph) 011147592 | ||
| 035 | _a(NILC)RuMoRGB-008495135 | ||
| 090 |
_a11653517 _c11653517 |
||
| 100 | _a20160607d2016 k y0rusy50 ca | ||
| 101 | 0 | _arus | |
| 102 | _aRU | ||
| 105 | _aa|||z|||000yy | ||
| 200 | 1 |
_aСнижение опасности техногенных образований цветной металлургии и химической промышленности _eмонография _fЮ. С. Рыбаков, М. П. Дальков, В. П. Дан _gМЧС России, Федер. гос. бюджет. образоват. учреждение высш. проф. образования "Уральский ин-т Гос. противопожарной службы М-ва Рос. Федерации по делам гражданской обороны, чрезвычайным ситуациям и ликвидации последствий стихийных бедствий" |
|
| 210 |
_aЕкатеринбург _cУральский ин-т ГПС МЧС России _d2016 |
||
| 215 |
_a171 с. _cил. _d21 |
||
| 300 | _aНа обороте тит. л. авт.: Рыбаков Ю.С., д.т.н., проф., Дальков М.П., д. геогр. н., проф., Дан В.П., ст. препод. | ||
| 320 | _aБиблиогр.: с. 164-171 (100 назв.) | ||
| 606 |
_aОкружающая среда _xЗагрязнение отходами химических производств _91783277 _3RU\NLR\AUTH\66801799 |
||
| 606 | 1 |
_aОкружающая среда _xЗагрязнение отходами цветной металлургии _91783297 _3RU\NLR\AUTH\66801812 |
|
| 606 |
_aОтвалы (горн.) _3RU\NLR\AUTH\66456094 _91144609 |
||
| 675 | _a62 | ||
| 675 | _a66 | ||
| 686 | 1 | _aИ168.8 | |
| 686 | 1 | _aИ33-642 | |
| 686 | 1 | _aЛ100.9 | |
| 700 | 1 |
_aРыбаков _bЮ. С. _gЮрий Сергеевич |
|
| 701 | 1 |
_aДальков _bМ. П. _gМихаил Петрович |
|
| 701 | 1 |
_aДан _bВ. П. _gВасилий Петрович |
|
| 801 | 0 |
_aRU _bРГБ _c20160523 _gRCR |
|
| 942 | _cBOOK | ||
| 980 | _aNBR | ||
| 980 | _aNB | ||